[Event "RSA-chT U12"]
[Site "Cape Town"]
[Date "2016.01.07"]
[Round "7.5"]
[White "Olkers, Lleyton"]
[Black "Makgale, Teboho"]
[Result "1/2-1/2"]
[WhiteElo "1301"]
[BlackElo "1171"]
[PlyCount "88"]
[EventDate "2016.01.04"]
[EventType "team-tourn"]
[EventRounds "7"]
[EventCountry "RSA"]
[SourceTitle "CBM 170 Extra"]
[Source "ChessBase"]
[SourceDate "2016.02.25"]
[SourceVersion "1"]
[SourceVersionDate "2016.02.25"]
[SourceQuality "1"]
[WhiteTeam "Western Province"]
[BlackTeam "Kenneth Kaunda"]
[WhiteTeamCountry "RSA"]
[BlackTeamCountry "RSA"]

1. e4 e5 2. Nf3 Nc6 3. Bb5 d6 4. d4 exd4 5. Nxd4 Bd7 6. Nc3 a6 7. Nxc6 Bxc6 8. Bxc6+ bxc6 9. 0-0 Nf6 10. Bg5 h6 11. Bh4 Be7 12. f4 Nh7 13. Bxe7 Qxe7 14. e5 0-0 15. Re1 dxe5 16. Rxe5 Qd6 17. Qxd6 cxd6 18. Re7 Rfe8 19. Rae1 Kf8 20. Rxe8+ Rxe8 21. Rxe8+ Kxe8 22. Ne4 Kd7 23. Kf2 f5 24. Nc3 Nf6 25. h3 Ke6 26. Ke3 Nd5+ 27. Nxd5 Kxd5 28. Kd3 a5 29. a4 h5 30. g3 c5 31. b3 Kc6 32. c4 g6 33. Ke3 Kd7 34. Kf3 Ke6 35. Ke3 Kd7 36. Kf3 Ke6 37. g4 h4 38. gxf5+ gxf5 39. Ke2 Kd7 40. Kd2 Kc6 41. Kc2 Kb6 42. Kc3 Kc6 43. Kc2 Kb6 44. Kd3 Kc6 1/2-1/2

[Event "RSA-chT U12"]
[Site "Cape Town"]
[Date "2016.01.04"]
[Round "1.5"]
[White "Bedesi, Tahil Tiresh"]
[Black "Makgale, Teboho"]
[Result "1-0"]
[WhiteElo "1325"]
[BlackElo "1171"]
[PlyCount "25"]
[EventDate "2016.01.04"]
[EventType "team-tourn"]
[EventRounds "7"]
[EventCountry "RSA"]
[SourceTitle "CBM 170 Extra"]
[Source "ChessBase"]
[SourceDate "2016.02.25"]
[SourceVersion "1"]
[SourceVersionDate "2016.02.25"]
[SourceQuality "1"]
[WhiteTeam "Tshwane"]
[BlackTeam "Kenneth Kaunda"]
[WhiteTeamCountry "RSA"]
[BlackTeamCountry "RSA"]

1. d4 d5 2. Nf3 Nc6 3. c4 Nf6 4. Nc3 e6 5. Bg5 h6 6. Bh4 a6 7. cxd5 exd5 8. Qb3 Bb4 9. e3 b5 10. Be2 Be6 11. 0-0 Bxc3 12. Qxc3 Qe7 13. Rac1 1-0